000 01027nam a2200301 c 4500
003 BLK
005 20240909102632.0
008 180409b bul|||||r ||||||| ||bul||
010 _aKNG00110083000
020 _a954-742-051-8
_bиздат.: Слънце
040 _aBLK
041 _aBUL
_cBUL
080 _aБългарска литература
_b821.163.2
_x-93-1
_z821.163.2-93-1
100 1 _aТоминска, Ели
_eпърви автор
_9262544
700 1 _aСтоева, Вихра
_eил.
_9365792
139 _aТоминска, Ели
_bТ 69
245 1 0 _aПъстра китка
_cЕли Томинска; ил. Вихра Стоева.
257 _aBGR
260 София
_bСлънце
_c2003
_fКостинброд : Мултипринт
300 _a64 с.
_bс цв. ил.
_c20 см
380 _aDX
852 _aЦб 217438
856 4 _qpdf
_u
856 4 _qpdf
_u
942 _cKNG
_n0
_02
944 _aCR
_c09.01.2004
_k30543
_lИва Цветкова
944 _aED
_c12.10.2007
_k
999 _c104968
_d104968